[Event "Golden Cleopatra op"]
[Site "Cairo"]
[Date "2016.12.16"]
[Round "4"]
[White "Salah, Sayed"]
[Black "Georgiev, Kiril"]
[Result "0-1"]
[WhiteElo "2181"]
[BlackElo "2618"]
[PlyCount "79"]
[EventDate "2016.12.13"]
[EventType "swiss"]
[EventRounds "10"]
[EventCountry "EGY"]
[SourceTitle "CBM 176 Extra"]
[Source "ChessBase"]
[SourceDate "2017.03.02"]
[SourceVersion "1"]
[SourceVersionDate "2017.03.02"]
[SourceQuality "1"]

1. d4 Nf6 2. Nf3 e6 3. g3 b5 4. Bg2 d5 5. a4 b4 6. c4 bxc3 7. bxc3 Bb7 8. 0-0 Nbd7 9. Nbd2 c5 10. Ba3 Be7 11. Rb1 Qc7 12. Qc2 0-0 13. Rfe1 Rfc8 14. Ne5 cxd4 15. Bxe7 Nxe5 16. Bxf6 gxf6 17. c4 Ba6 18. Qb2 Nxc4 19. Qxd4 Qe5 20. Qd3 Rab8 21. Nf3 Rxb1 22. Rxb1 Qe4 23. Qxe4 dxe4 24. Nd4 f5 25. e3 Ne5 26. h3 Bd3 27. Rb7 a6 28. Kh2 h5 29. Re7 Kf8 30. Ra7 Rb8 31. f4 Nc4 32. g4 Nxe3 33. gxh5 Rb2 34. h6 Rxg2+ 35. Kh1 Kg8 36. Ra8+ Kh7 37. Rf8 Kxh6 38. Rxf7 Rg6 39. Re7 Nd5 40. Rxe6 0-1

[Event "EGY-chT"]
[Site "Egypt"]
[Date "2016.05.06"]
[Round "2.1"]
[White "Adly, Ahmed"]
[Black "Salah, Sayed"]
[Result "1/2-1/2"]
[WhiteElo "2598"]
[BlackElo "2184"]
[PlyCount "186"]
[EventDate "2016.05.05"]
[EventType "team-tourn"]
[EventRounds "9"]
[EventCountry "EGY"]
[SourceTitle "CBM 172 Extra"]
[Source "ChessBase"]
[SourceDate "2016.06.21"]
[SourceVersion "1"]
[SourceVersionDate "2016.06.21"]
[SourceQuality "1"]
[WhiteTeam "Elhawar"]
[BlackTeam "Gezeret Elward"]
[WhiteTeamCountry "EGY"]
[BlackTeamCountry "EGY"]

1. c4 c6 2. g3 d5 3. Bg2 Nf6 4. Nf3 g6 5. b3 Bg7 6. Bb2 0-0 7. 0-0 Qb6 8. Qc1 Be6 9. d3 a5 10. Nc3 Na6 11. Ng5 Bg4 12. cxd5 cxd5 13. Nxd5 Nxd5 14. Bxg7 Kxg7 15. Bxd5 f6 16. Bf3 Bd7 17. Ne4 Bh3 18. Rd1 Rac8 19. Qb2 Nb4 20. Rac1 Nc6 21. Rc5 a4 22. d4 Nxd4 23. Rxd4 Rxc5 24. Nxc5 Qxc5 25. Rh4 Be6 26. Qd2 g5 27. Rxa4 b5 28. Ra6 Bh3 29. Bg2 Rd8 30. Qe1 Qc2 31. Bxh3 Rd1 32. Qxd1 Qxd1+ 33. Bf1 b4 34. Rc6 h5 35. Rc4 Qe1 36. h3 f5 37. Kg2 e5 38. e3 Qd2 39. Rc7+ Kf6 40. Bc4 Qxa2 41. Rc6+ Kg7 42. Rc7+ Kf6 43. Rf7+ Kg6 44. Re7 Qa8+ 45. Kg1 f4 46. exf4 gxf4 47. gxf4 exf4 48. Bd3+ Kf6 49. Re4 Qg8+ 50. Kf1 Qxb3 51. Rxf4+ Ke5 52. Re4+ Kd6 53. Re3 Qd1+ 54. Kg2 b3 55. Be4 Kc5 56. Bf3 Qc2 57. Re5+ Kd4 58. Rd5+ Kc4 59. Rd6 Qf5 60. Rc6+ Kb5 61. Rc7 Qg5+ 62. Kf1 b2 63. Rb7+ Ka6 64. Be4 Qf4 65. Kg1 h4 66. Rb3 Qxe4 67. Rxb2 Qf3 68. Rb4 Qxh3 69. Ra4+ Kb5 70. Rf4 Kc5 71. Ra4 Kb6 72. Rb4+ Ka5 73. Re4 Kb5 74. Rf4 Kc5 75. Ra4 Kc6 76. Rc4+ Kd5 77. Ra4 Kc5 78. Rf4 Kb5 79. Re4 Qf5 80. Re3 Qg4+ 81. Kh2 Kc5 82. Rc3+ Kd5 83. Re3 Kd4 84. Rh3 Ke5 85. Re3+ Kf5 86. Rh3 Qf4+ 87. Kg2 Kg4 88. Re3 Qd4 89. Rh3 Qd5+ 90. Kh2 Qc4 91. Kg2 Qd5+ 92. Kh2 Qd1 93. Kg2 Qd5+ 1/2-1/2

[Event "Cairo Masters op"]
[Site "Cairo"]
[Date "2014.02.22"]
[Round "3"]
[White "Abdelmenaem, Sohayla"]
[Black "Salah, Sayed"]
[Result "0-1"]
[WhiteElo "1746"]
[BlackElo "2194"]
[PlyCount "80"]
[EventDate "2014.02.20"]
[EventType "swiss"]
[EventRounds "9"]
[EventCountry "EGY"]
[SourceTitle "EXT 2015"]
[Source "ChessBase"]
[SourceDate "2014.11.20"]
[SourceVersion "1"]
[SourceVersionDate "2014.11.20"]
[SourceQuality "1"]

1. d4 d5 2. c4 c6 3. Nf3 Nf6 4. Nc3 g6 5. cxd5 cxd5 6. Bf4 Bg7 7. h3 0-0 8. e3 Nc6 9. Bd3 b6 10. 0-0 Bb7 11. a3 a6 12. Na4 Ne4 13. Rc1 Rc8 14. b4 b5 15. Nc5 Nxc5 16. bxc5 f6 17. Qb3 e5 18. dxe5 fxe5 19. Bg5 Qd7 20. Rfd1 Qf7 21. Bh4 Bh6 22. Be2 e4 23. Nd4 Nxd4 24. Rxd4 Bg7 25. Rdd1 Bc6 26. f3 Qe6 27. f4 Qf7 28. Be1 Rfd8 29. Bc3 Rc7 30. Ba5 Kh8 31. Bxc7 Qxc7 32. g3 g5 33. Bg4 gxf4 34. gxf4 d4 35. exd4 Bxd4+ 36. Rxd4 Rxd4 37. Qc3 Qg7 38. Kh2 Qf6 39. Qe3 Rd3 40. Qf2 e3 0-1

[Event "Cairo Egyptian op"]
[Site "Cairo"]
[Date "2012.11.15"]
[Round "4"]
[White "Ameir, Moheb"]
[Black "Salah, Sayed"]
[Result "1-0"]
[WhiteElo "2283"]
[BlackElo "2211"]
[PlyCount "68"]
[EventDate "2012.11.12"]
[EventType "swiss"]
[EventRounds "9"]
[EventCountry "EGY"]
[SourceTitle "EXT 2014"]
[Source "ChessBase"]
[SourceDate "2013.11.20"]
[SourceVersion "1"]
[SourceVersionDate "2013.11.20"]
[SourceQuality "1"]

1. e4 c6 2. d4 d5 3. exd5 cxd5 4. Bd3 Nf6 5. Bf4 Nc6 6. c3 g6 7. Nd2 Bg7 8. Ngf3 Bg4 9. h3 Bxf3 10. Qxf3 0-0 11. 0-0 a6 12. a4 Nh5 13. Bg5 Qd6 14. g4 Nf6 15. Bf4 Qd7 16. a5 h5 17. g5 Ne8 18. Rfe1 Nd6 19. Nb3 Nc4 20. Nc5 Qc8 21. Qxd5 e5 22. Bxc4 exf4 23. Nd7 Qc7 24. Nxf8 Rxf8 25. Bd3 Rd8 26. Qf3 Nxa5 27. Re4 Nc6 28. Rae1 b5 29. Re8+ Rxe8 30. Rxe8+ Bf8 31. Qd5 Kg7 32. Be4 Na5 33. Qe5+ Qxe5 34. Rxe5 Nc4 1-0

[Event "Mahalla op 14th"]
[Site "Mahalla"]
[Date "2012.07.12"]
[Round "5"]
[White "Sadek, Sameh"]
[Black "Salah, Sayed"]
[Result "0-1"]
[WhiteElo "2384"]
[BlackElo "2188"]
[PlyCount "120"]
[EventDate "2012.07.09"]
[EventType "swiss"]
[EventRounds "9"]
[EventCountry "EGY"]
[SourceTitle "EXT 2019"]
[Source "ChessBase"]
[SourceDate "2018.10.10"]
[SourceVersion "1"]
[SourceVersionDate "2018.10.10"]
[SourceQuality "1"]

1. d4 Nf6 2. c4 g6 3. Nc3 d5 4. Bg5 Ne4 5. Bf4 Nxc3 6. bxc3 c6 7. e3 Bg7 8. Nf3 0-0 9. cxd5 cxd5 10. c4 Nc6 11. Rb1 b6 12. Qa4 Bd7 13. Qa3 Bg4 14. Be2 dxc4 15. 0-0 a6 16. Qb2 Bf5 17. Qxb6 Bxb1 18. Qxb1 c3 19. Rc1 Qa5 20. Qb3 e5 21. dxe5 Nxe5 22. Nxe5 Bxe5 23. Bxe5 Qxe5 24. Rxc3 Rac8 25. Rxc8 Qa1+ 26. Rc1 Qxc1+ 27. Bf1 a5 28. g3 Rc8 29. a4 Qc3 30. Qb5 Kg7 31. h4 Rc5 32. Qd7 Rf5 33. e4 Rf6 34. Qd1 Qb2 35. Qe1 Qb4 36. Qa1 Qxe4 37. Bb5 Qc2 38. Qd4 Qb1+ 39. Kg2 Qb4 40. Qe5 Qd6 41. Qc3 Qd5+ 42. Kg1 Qf3 43. Qd4 h5 44. Qb2 Kh7 45. Qd2 Rf5 46. Qc2 Rd5 47. Be2 Qf5 48. Qc3 Rc5 49. Qd4 Qd5 50. Qf4 Rc2 51. Bf3 Qc4 52. Be4 Rc1+ 53. Kh2 f5 54. Bd5 Qxf4 55. gxf4 Rc5 56. Be6 Kg7 57. Kg3 Kf6 58. Bg8 Rc1 59. Bd5 Rd1 60. Bc6 Rd4 0-1

[Event "Assiut op 06th"]
[Site "Assiut"]
[Date "2010.08.06"]
[Round "7"]
[White "Elgabry, Mohsen"]
[Black "Salah, Sayed"]
[Result "1-0"]
[WhiteElo "2290"]
[BlackElo "2210"]
[PlyCount "67"]
[EventDate "2010.07.30"]
[EventType "swiss"]
[EventRounds "9"]
[EventCountry "EGY"]
[SourceTitle "CBM 137 Extra"]
[Source "ChessBase"]
[SourceDate "2010.09.01"]
[SourceVersion "1"]
[SourceVersionDate "2010.09.01"]
[SourceQuality "1"]

1. Nf3 Nf6 2. g3 g6 3. Bg2 Bg7 4. 0-0 0-0 5. d4 d5 6. Ne5 c6 7. c4 e6 8. Nc3 Nfd7 9. Nxd7 Nxd7 10. Qd3 f5 11. Rd1 b6 12. cxd5 exd5 13. Nxd5 Bb7 14. Nf4 Qf6 15. Qb3+ Rf7 16. Ne6 Re8 17. Ng5 h6 18. Nxf7 Qxf7 19. Qxf7+ Kxf7 20. Be3 Nf6 21. Rac1 Ne4 22. b4 Bf8 23. a3 h5 24. Rc2 Bd6 25. Bf4 Ke6 26. f3 Nf6 27. e4 Bxf4 28. gxf4 h4 29. b5 cxb5 30. Rc7 Ba8 31. d5+ Kd6 32. Rf7 Nh5 33. e5+ Kc5 34. Rc7+ 1-0

[Event "Assiut op 05th"]
[Site "Assiut"]
[Date "2009.08.07"]
[Round "4"]
[White "Salah, Sayed"]
[Black "Salem, Zahed"]
[Result "0-1"]
[WhiteElo "2172"]
[BlackElo "2266"]
[PlyCount "68"]
[EventDate "2009.08.04"]
[EventType "swiss"]
[EventRounds "9"]
[EventCountry "EGY"]
[SourceTitle "EXT 2010"]
[Source "ChessBase"]
[SourceDate "2010.11.25"]
[SourceVersion "1"]
[SourceVersionDate "2010.11.25"]
[SourceQuality "1"]

1. d4 Nf6 2. Nf3 g6 3. g3 Bg7 4. Bg2 c5 5. c3 cxd4 6. cxd4 0-0 7. 0-0 d6 8. Nc3 Nc6 9. h3 e5 10. e4 exd4 11. Nxd4 Nxd4 12. Qxd4 Be6 13. Qd1 Qd7 14. Kh2 Rfd8 15. Be3 d5 16. e5 Ne8 17. Bd4 b6 18. Qb3 Nd6 19. exd6 Bxd4 20. Nb5 Bc5 21. Nc7 Rac8 22. Bxd5 Bxd5 23. Nxd5 Qxd6 24. Rad1 Qe5 25. Rfe1 Qf5 26. Re2 Re8 27. Rde1 Rxe2 28. Rxe2 Rd8 29. Rd2 Qe5 30. Qd3 Bxf2 31. Ne7+ Kg7 32. Nd5 Rxd5 33. Re2 Rxd3 34. Rxe5 Bxg3+ 0-1

[Event "EGY-chT 0708"]
[Site "Egypt"]
[Date "2007.11.02"]
[Round "1"]
[White "Tahan, Sabri"]
[Black "Salah, Sayed"]
[Result "1-0"]
[WhiteElo "2321"]
[BlackElo "2179"]
[PlyCount "121"]
[EventDate "2007.11.02"]
[EventType "team-tourn"]
[EventRounds "3"]
[EventCountry "EGY"]
[SourceTitle "EXT 2009"]
[Source "ChessBase"]
[SourceDate "2008.11.26"]
[SourceVersion "1"]
[SourceVersionDate "2008.11.26"]
[SourceQuality "1"]
[WhiteTeam "El Shark"]
[BlackTeam "El Ray"]
[WhiteTeamCountry "EGY"]
[BlackTeamCountry "EGY"]

1. d4 Nf6 2. Nf3 d5 3. Bf4 g6 4. h3 Bg7 5. e3 0-0 6. c3 b6 7. Nbd2 Bb7 8. a4 a6 9. Bd3 Nbd7 10. 0-0 c5 11. Qe2 Ne4 12. Rfd1 f6 13. Bh2 Nxd2 14. Rxd2 e5 15. dxc5 bxc5 16. Bb1 e4 17. Ne1 f5 18. Ba2 Nf6 19. Be5 Re8 20. Bxf6 Bxf6 21. Rad1 Qa5 22. Rxd5 Qxa4 23. Rxf5+ Qxa2 24. Rxf6 Bd5 25. Qg4 Rad8 26. Qg5 Bb3 27. Rxd8 Rxd8 28. Rxg6+ hxg6 29. Qxd8+ Kg7 30. Qd2 Qb1 31. Kh2 Bc4 32. b4 cxb4 33. cxb4 Bd3 34. f3 Kf7 35. Kg3 Kg7 36. Kf4 Qb3 37. fxe4 Qf7+ 38. Kg3 Qc7+ 39. Kf2 Bb5 40. Nf3 Kh7 41. e5 Qc4 42. e6 Qc7 43. h4 Qe7 44. Qd4 Qc7 45. Qf6 Qc2+ 46. Kg3 Qc7+ 47. Qf4 Qe7 48. Qf7+ Qxf7 49. exf7 Kg7 50. Ng5 Bc4 51. Kf4 Kf8 52. Ke5 Ke7 53. g3 Be2 54. Kd4 Bb5 55. e4 Ba4 56. Kc4 Bd7 57. e5 Bb5+ 58. Kd4 Kf8 59. e6 Kg7 60. Nh7 a5 61. f8Q+ 1-0